[Event "Turkey Cup 2020"]
[Site "Antalya-Belek"]
[Date "2020.01.29"]
[Round "5.29"]
[White "Tepe, Efe Can"]
[Black "Bayik, Hasan"]
[Result "1-0"]
[WhiteElo "2137"]
[BlackElo "1822"]
[Annotator "ChessBase"]
[PlyCount "47"]
[EventDate "2020.01.26"]
[EventType "swiss"]
[EventCountry "TUR"]
[SourceTitle "playchess.com"]
[Source "ChessBase"]
[SourceQuality "1"]

1. e4 c6 2. d4 d5 3. Nd2 dxe4 4. Nxe4 g6 5. Bc4 Bg7 6. Nf3 Nf6 7. Nxf6+ Bxf6 8. Bh6 Bg4 9. c3 Bxf3 10. Qxf3 e6 11. O-O Bg5 12. Bg7 Rg8 13. Be5 Nd7 14. Bg3 Qf6 15. Qe4 Qf5 16. Qe2 O-O-O 17. a4 h5 18. a5 h4 19. a6 b6 20. Bd3 Qf6 21. Qe4 e5 22. Bxe5 Nxe5 23. dxe5 Qe6 24. Bc4 1-0

[Event "Turkey Cup 2020"]
[Site "Antalya-Belek"]
[Date "2020.01.29"]
[Round "5.30"]
[White "Erdogmus, Yagiz Kaan"]
[Black "Gulbeyaz, Emir"]
[Result "0-1"]
[WhiteElo "1866"]
[BlackElo "2121"]
[Annotator "ChessBase"]
[PlyCount "158"]
[EventDate "2020.01.26"]
[EventType "swiss"]
[EventCountry "TUR"]
[SourceTitle "playchess.com"]
[Source "ChessBase"]
[SourceQuality "1"]

1. e4 e5 2. Nf3 d6 3. Bc4 Be7 4. O-O Nf6 5. d3 O-O 6. c3 c6 7. Nbd2 Nbd7 8. Re1 h6 9. Nf1 Re8 10. Ng3 d5 11. Bb3 Bf8 12. Bc2 dxe4 13. dxe4 Qc7 14. Nf5 a5 15. Nd2 g6 16. Ng3 Nc5 17. h3 Ne6 18. Ndf1 Nf4 19. Ne3 h5 20. Qf3 Nh7 21. Ne2 Ne6 22. h4 Be7 23. g3 Nc5 24. b4 Ne6 25. bxa5 Rxa5 26. Bb3 Nf6 27. Nc4 Ra6 28. Rd1 Nc5 29. Bc2 Bg4 30. Qe3 Be6 31. Nd2 Ncd7 32. Nf1 Bc5 33. Qd3 b5 34. Be3 Rea8 35. a4 bxa4 36. f3 Qa7 37. Kg2 Bxe3 38. Qxe3 Qc5 39. Rdb1 Qxe3 40. Nxe3 Nc5 41. Ra3 Nfd7 42. Kf2 Bb3 43. Nc1 Bxc2 44. Nxc2 Rb6 45. Rb4 Rb5 46. Ke2 Nb6 47. Nd3 Nxd3 48. Kxd3 Rd8+ 49. Ke2 Ra8 50. Kd3 Kf8 51. Ra2 Rxb4 52. cxb4 Ke7 53. Ra3 Rd8+ 54. Ke2 Nc4 55. Rd3 Rxd3 56. Kxd3 Nd6 57. Na3 f5 58. Ke3 Ke6 59. Kd3 Nb5 60. Nc2 f4 61. gxf4 exf4 62. Ne1 Nd6 63. Kd4 a3 64. Kc3 Nb5+ 65. Kb3 Kf6 66. Nd3 g5 67. hxg5+ Kxg5 68. e5 h4 69. Nf2 Kf5 70. Ng4 h3 71. Ka2 Nd4 72. Nh2 Nc2 73. Kb3 Nxb4 74. Kxa3 Nd3 75. Kb3 Nxe5 76. Kc3 Nxf3 77. Nxf3 Kg4 78. Nh2+ Kg3 79. Nf1+ Kg2 0-1

[Event "Turkey Cup 2020"]
[Site "Antalya-Belek"]
[Date "2020.01.29"]
[Round "5.31"]
[White "Karaoglan, Kivanc"]
[Black "Kiziltas, Inanc Vefa"]
[Result "1-0"]
[WhiteElo "2123"]
[BlackElo "1803"]
[Annotator "ChessBase"]
[PlyCount "93"]
[EventDate "2020.01.26"]
[EventType "swiss"]
[EventCountry "TUR"]
[SourceTitle "playchess.com"]
[Source "ChessBase"]
[SourceQuality "1"]

1. e4 d5 2. exd5 Nf6 3. Bb5+ Bd7 4. Be2 Bf5 5. d4 Nxd5 6. a3 e6 7. c4 Nf6 8. Nf3 Be7 9. Nc3 O-O 10. O-O c6 11. Nh4 Re8 12. Nxf5 exf5 13. Bf4 Ne4 14. Qb3 Qxd4 15. Qxb7 Nxc3 16. bxc3 Qxf4 17. Qxa8 Bc5 18. g3 Qc7 19. Rab1 f4 20. Kg2 g5 21. Qb7 Qxb7 22. Rxb7 fxg3 23. hxg3 Rxe2 24. Rxb8+ Kg7 25. Rc8 Re6 26. a4 g4 27. Rd8 Re4 28. Rc8 Rxc4 29. Rxc6 Rxc3 30. Rd1 Rc2 31. Kh1 Rc3 32. Rd5 Bb4 33. Rg5+ Kf8 34. Rxc3 Bxc3 35. Rxg4 a5 36. Rc4 Bb4 37. Kg2 Kg7 38. Kf3 Be7 39. Ke4 Kg6 40. Rc6+ f6 41. g4 Kg5 42. Rc7 Bb4 43. Rxh7 Kxg4 44. Rg7+ Kh3 45. Kf5 Bc5 46. f4 Bd4 47. Rg6 1-0

[Event "Turkey Cup 2020"]
[Site "Antalya-Belek"]
[Date "2020.01.29"]
[Round "5.32"]
[White "Ozcan, Ilker"]
[Black "Yelligedik, Murat"]
[Result "0-1"]
[WhiteElo "1858"]
[BlackElo "2056"]
[Annotator "NA"]
[PlyCount "72"]
[EventDate "2020.01.26"]
[EventType "swiss"]
[EventCountry "TUR"]
[SourceTitle "playchess.com"]
[Source "ChessBase"]
[SourceQuality "1"]

1. e4 c5 2. Nf3 Nc6 3. Bb5 e6 4. Bxc6 bxc6 5. d3 Ne7 6. O-O Ng6 7. Nc3 e5 8. Re1 Be7 9. Ne2 O-O 10. Ng3 d6 11. c3 Qb6 12. Nf5 Rd8 13. Qc2 Bf8 14. h4 Ne7 15. Ne3 Rb8 16. Rb1 Be6 17. b4 f6 18. a4 cxb4 19. cxb4 d5 20. Bd2 Ng6 21. g3 Qb7 22. b5 cxb5 23. Rxb5 Qf7 24. Reb1 Rxb5 25. Rxb5 Ne7 26. Rb7 d4 27. Ng2 Rc8 28. Qb2 Qh5 29. Nge1 Nc6 30. Qb5 h6 31. Ba5 Nxa5 32. Qxa5 Rc1 33. Kg2 Qg4 34. Ng1 Qd1 35. Ngf3 Bg4 36. Qd5+ Kh7 0-1

[Event "Turkey Cup 2020"]
[Site "Antalya-Belek"]
[Date "2020.01.29"]
[Round "5.33"]
[White "Kul, Ozdemir Efe"]
[Black "Caliskan, Seha"]
[Result "1-0"]
[WhiteElo "1979"]
[BlackElo "1673"]
[Annotator "NA"]
[PlyCount "123"]
[EventDate "2020.01.26"]
[EventType "swiss"]
[EventCountry "TUR"]
[SourceTitle "playchess.com"]
[Source "ChessBase"]
[SourceQuality "1"]

1. Nf3 Nf6 2. g3 b6 3. Bg2 Bb7 4. O-O e6 5. d3 d5 6. Nbd2 Be7 7. e4 dxe4 8. Ng5 Nbd7 9. Ngxe4 Qc8 10. Re1 O-O 11. b3 c5 12. Nc4 Nxe4 13. dxe4 Qc7 14. Bb2 b5 15. Na5 Qxa5 16. Qxd7 Rfe8 17. a4 Qb6 18. Qxb5 Ba6 19. Qxb6 axb6 20. c4 Bb7 21. Rad1 Red8 22. Be5 Rac8 23. Rxd8+ Rxd8 24. Bc7 Rd3 25. Re3 Rd1+ 26. Bf1 Bd8 27. Bb8 Rd4 28. Bd3 f6 29. f4 Kf7 30. Ba7 Rd7 31. Bb8 Bc6 32. e5 f5 33. Bd6 Be7 34. Bxe7 Kxe7 35. Kf2 Rd4 36. Ke2 h6 37. Bc2 Kd7 38. Rd3 Be4 39. Rxd4+ cxd4 40. Kd2 Kc6 41. b4 h5 42. Bd1 g6 43. h3 Kd7 44. b5 Kc7 45. Be2 Kd7 46. h4 Kc7 47. Kc1 Bb7 48. Kb2 Be4 49. Bd1 Bd3 50. Kb3 Be4 51. Kb4 Kb7 52. c5 Bd5 53. cxb6 Kxb6 54. a5+ Kc7 55. Be2 Be4 56. Kc4 Kb7 57. Kxd4 Bd5 58. Bc4 Bxc4 59. Kxc4 Kc8 60. Kc5 Kc7 61. a6 Kb8 62. Kd6 1-0

[Event "Turkey Cup 2020"]
[Site "Antalya-Belek"]
[Date "2020.01.29"]
[Round "5.34"]
[White "Seyhanoglu, Deniz"]
[Black "Ozsarilar, Osman Nuri"]
[Result "1-0"]
[WhiteElo "2087"]
[BlackElo "1724"]
[Annotator "NA"]
[PlyCount "61"]
[EventDate "2020.01.26"]
[EventType "swiss"]
[EventCountry "TUR"]
[SourceTitle "playchess.com"]
[Source "ChessBase"]
[SourceQuality "1"]

1. c4 c6 2. e4 e6 3. d4 d5 4. Nc3 Bb4 5. e5 Ne7 6. a3 Bxc3+ 7. bxc3 Nd7 8. Nh3 dxc4 9. Bxc4 b5 10. Bd3 Nd5 11. Bd2 h6 12. Qg4 g5 13. Qh5 Nf8 14. Nxg5 hxg5 15. Qxh8 Nf4 16. Be4 Bb7 17. g3 Nd5 18. Qg7 Qd7 19. Qxg5 c5 20. O-O Nxc3 21. Bxc3 Bxe4 22. dxc5 Nh7 23. Qe3 Bd5 24. Ba5 Qe7 25. h4 Nf8 26. c6 Bxc6 27. Rac1 Qb7 28. Bb4 Nd7 29. Qg5 Nf8 30. Rxc6 Ng6 31. Rxe6+ 1-0

[Event "Turkey Cup 2020"]
[Site "Antalya-Belek"]
[Date "2020.01.29"]
[Round "5.35"]
[White "Ince, Taylan Ruzgar"]
[Black "Ozguner, Hakki Ata"]
[Result "0-1"]
[WhiteElo "1704"]
[BlackElo "2077"]
[Annotator "NA"]
[PlyCount "108"]
[EventDate "2020.01.26"]
[EventType "swiss"]
[EventCountry "TUR"]
[SourceTitle "playchess.com"]
[Source "ChessBase"]
[SourceQuality "1"]

1. d4 Nf6 2. c4 g6 3. Nf3 Bg7 4. g3 O-O 5. Bg2 d6 6. O-O c6 7. Nc3 Bf5 8. Qb3 Bc8 9. e4 Qc7 10. Bf4 Nh5 11. Be3 Nd7 12. Rad1 Re8 13. Rfe1 e5 14. dxe5 dxe5 15. Nd2 Nhf6 16. h3 Bf8 17. Na4 b6 18. Qc2 Nh5 19. a3 Ng7 20. b4 Ne6 21. Nb3 Bb7 22. c5 b5 23. Nc3 Rad8 24. Rd2 Bc8 25. Red1 a5 26. Nd5 cxd5 27. exd5 a4 28. Nc1 Ndxc5 29. dxe6 Nxe6 30. Qxc7 Rxd2 31. Qxf7+ Kxf7 32. Rxd2 Nd4 33. Kh2 Nf5 34. Bc6 Re7 35. Bc5 Rc7 36. Bd5+ Be6 37. Bxe6+ Kxe6 38. Nd3 Nd4 39. Nf4+ exf4 40. Bxd4 Bh6 41. Re2+ Kd5 42. Bc5 fxg3+ 43. Kxg3 Bc1 44. Ra2 Ke4 45. Ra1 Bf4+ 46. Kg2 Kd3 47. Rd1+ Kc2 48. Rd8 Kb3 49. Rd3+ Ka2 50. Rc3 Be5 51. Rd3 Bb2 52. Kf3 Bxa3 53. Ke2 Bb2 54. Rd1 a3 0-1

[Event "Turkey Cup 2020"]
[Site "Antalya-Belek"]
[Date "2020.01.29"]
[Round "5.36"]
[White "Kaynar, Mustafa Deniz"]
[Black "Kilic, Eray"]
[Result "0-1"]
[WhiteElo "1555"]
[BlackElo "2069"]
[Annotator "NA"]
[PlyCount "96"]
[EventDate "2020.01.26"]
[EventType "swiss"]
[EventCountry "TUR"]
[SourceTitle "playchess.com"]
[Source "ChessBase"]
[SourceQuality "1"]

1. e4 c5 2. c3 d5 3. exd5 Qxd5 4. d4 Nc6 5. Nf3 Bg4 6. Be2 cxd4 7. cxd4 e6 8. O-O Nf6 9. Nc3 Qd6 10. Be3 Be7 11. h3 Bh5 12. g4 Bg6 13. Ne5 O-O 14. Bf4 Qd8 15. Nxc6 bxc6 16. Qa4 Nd5 17. Nxd5 Qxd5 18. Rfe1 Bh4 19. Rac1 f5 20. Qxc6 fxg4 21. Qxd5 exd5 22. Be3 gxh3 23. Bg4 Rae8 24. Bxh3 Rxe3 25. fxe3 Bf2+ 26. Kh2 Bxe1 27. Rxe1 Rf2+ 28. Kg3 Rxb2 29. Kf4 Kf7 30. Ke5 Ke7 31. Rc1 Bc2 32. Kxd5 Rxa2 33. Ke5 Ra3 34. Re1 Rd3 35. Bf5 Rd1 36. Rxd1 Bxd1 37. Bxh7 a5 38. d5 a4 39. d6+ Kd8 40. Bb1 Bb3 41. Kf5 a3 42. e4 Kd7 43. Kg6 Kxd6 44. Kf5 Kc5 45. e5 Bc2+ 46. Bxc2 a2 47. Bb3 a1=Q 48. e6 Qf6+ 0-1

[Event "Turkey Cup 2020"]
[Site "Antalya-Belek"]
[Date "2020.01.29"]
[Round "5.37"]
[White "Caglar, Ahmet Ata"]
[Black "Hatipoglu, Metin"]
[Result "1-0"]
[WhiteElo "2065"]
[BlackElo "1570"]
[Annotator "NA"]
[PlyCount "76"]
[EventDate "2020.01.26"]
[EventType "swiss"]
[EventCountry "TUR"]
[SourceTitle "playchess.com"]
[Source "ChessBase"]
[SourceQuality "1"]

1. d4 d5 2. c4 e6 3. Nc3 Nf6 4. Nf3 Be7 5. Bf4 O-O 6. e3 a6 7. cxd5 exd5 8. Bd3 Nbd7 9. Ne5 c5 10. Nxd7 Bxd7 11. dxc5 Bxc5 12. O-O Bc6 13. Ne2 Qb6 14. Rc1 Rfe8 15. Qc2 Bf8 16. Nd4 Rac8 17. Qb3 Qxb3 18. Nxb3 Ne4 19. Na5 Nc5 20. Bf5 Ne6 21. Bg3 g6 22. Bd3 Nc5 23. Be2 Re6 24. Rc2 Rce8 25. Nxc6 bxc6 26. Rfc1 a5 27. Rxc5 Bxc5 28. Rxc5 d4 29. Rxa5 dxe3 30. fxe3 Rxe3 31. Bf3 Rd8 32. h3 Rd2 33. Be5 f5 34. Bxc6 Re1+ 35. Kh2 Rdd1 36. Bf3 Rd3 37. Bc3 Ree3 38. Ra7 f4 1-0

[Event "Turkey Cup 2020"]
[Site "Antalya-Belek"]
[Date "2020.01.29"]
[Round "5.38"]
[White "Buke, Furkan"]
[Black "Yilmaz, Serkan"]
[Result "1-0"]
[WhiteElo "2041"]
[BlackElo "1602"]
[Annotator "NA"]
[PlyCount "65"]
[EventDate "2020.01.26"]
[EventType "swiss"]
[EventCountry "TUR"]
[SourceTitle "playchess.com"]
[Source "ChessBase"]
[SourceQuality "1"]

1. e4 c5 2. Nf3 d6 3. d4 cxd4 4. Nxd4 Nf6 5. Nc3 a6 6. Be3 e6 7. Be2 Be7 8. O-O O-O 9. f4 Qc7 10. Bf3 Nc6 11. Nb3 Rb8 12. g4 b5 13. g5 Nd7 14. Bg2 Bb7 15. Qh5 g6 16. Qh6 Rfe8 17. Rf3 Bf8 18. Qh4 Bg7 19. Rh3 Ne7 20. Qxh7+ Kf8 21. a3 d5 22. exd5 exd5 23. Bd4 Bxd4+ 24. Nxd4 Qxf4 25. Ne6+ fxe6 26. Rf1 Qxf1+ 27. Bxf1 e5 28. Rf3+ Nf5 29. Qxg6 Ke7 30. Rxf5 d4 31. Rf7+ Kd8 32. Qd6 Bc8 33. Bh3 1-0

[Event "Turkey Cup 2020"]
[Site "Antalya-Belek"]
[Date "2020.01.29"]
[Round "5.39"]
[White "Sarac, Mehmet Ali"]
[Black "Oney, Adil Feridun"]
[Result "0-1"]
[WhiteElo "1804"]
[BlackElo "2041"]
[Annotator "NA"]
[PlyCount "102"]
[EventDate "2020.01.26"]
[EventType "swiss"]
[EventCountry "TUR"]
[SourceTitle "playchess.com"]
[Source "ChessBase"]
[SourceQuality "1"]

1. d4 Nf6 2. Bf4 c6 3. e3 d6 4. c3 g6 5. Nd2 Bg7 6. h3 O-O 7. Ngf3 Nbd7 8. Bd3 Re8 9. e4 e5 10. Bg5 h6 11. Bh4 g5 12. Bg3 exd4 13. cxd4 Nxe4 14. O-O Nxg3 15. fxg3 Nf6 16. Qb3 Qc7 17. g4 Be6 18. Bc4 Bxc4 19. Nxc4 Nd5 20. Rae1 b5 21. Ne3 Nxe3 22. Rxe3 Rxe3 23. Qxe3 Qd7 24. Re1 Kf8 25. Qa3 Kg8 26. Qe3 Bf6 27. Qe4 Rc8 28. b4 c5 29. bxc5 dxc5 30. d5 Rd8 31. Rd1 Bd4+ 32. Nxd4 Qxd5 33. Qe7 cxd4 34. Rf1 Rd7 35. Qe8+ Kg7 36. Rf5 Qe6 37. Qxe6 fxe6 38. Rxb5 d3 39. Rb1 d2 40. Rd1 Kf6 41. Kf2 Ke5 42. Ke3 Rd8 43. g3 Rd7 44. h4 Rd8 45. hxg5 hxg5 46. a4 a5 47. Kf3 Rd3+ 48. Ke2 Ke4 49. Kf2 e5 50. Ke2 Re3+ 51. Kf2 Kd3 0-1

[Event "Turkey Cup 2020"]
[Site "Antalya-Belek"]
[Date "2020.01.29"]
[Round "5.40"]
[White "Gunduz, Umut Erdem"]
[Black "Demirci, Fatih"]
[Result "1-0"]
[WhiteElo "2193"]
[BlackElo "1749"]
[Annotator "TA"]
[PlyCount "45"]
[EventDate "2020.01.26"]
[EventType "swiss"]
[EventCountry "TUR"]
[SourceTitle "playchess.com"]
[Source "ChessBase"]
[SourceQuality "1"]

1. e4 c6 2. d4 d5 3. Nd2 dxe4 4. Nxe4 Nf6 5. Nxf6+ gxf6 6. c3 Qd5 7. Be3 Rg8 8. Ne2 e5 9. Qc2 h5 10. dxe5 fxe5 11. Rd1 Qe6 12. g3 Na6 13. Bg2 Bd7 14. O-O O-O-O 15. Bxa7 f5 16. b4 Qc4 17. Bb6 Nc7 18. Bh3 Rg4 19. Rxd7 Rxd7 20. Qxf5 Qxe2 21. Qxf8+ Rd8 22. Qf7 Rd7 23. Qf5 1-0

[Event "Turkey Cup 2020"]
[Site "Antalya-Belek"]
[Date "2020.01.29"]
[Round "5.41"]
[White "Kisadere, Kutay"]
[Black "Ersahin, Bulent"]
[Result "0-1"]
[WhiteElo "1831"]
[BlackElo "2121"]
[Annotator "ChessBase"]
[PlyCount "104"]
[EventDate "2020.01.26"]
[EventType "swiss"]
[EventCountry "TUR"]
[SourceTitle "playchess.com"]
[Source "ChessBase"]
[SourceQuality "1"]

1. e4 c5 2. Nf3 Nc6 3. d4 cxd4 4. Nxd4 Nf6 5. Nc3 e5 6. Ndb5 d6 7. Bg5 a6 8. Na3 b5 9. Nd5 Be7 10. Bxf6 Bxf6 11. c3 O-O 12. Nc2 Rb8 13. h4 Be7 14. g3 Be6 15. Ncb4 Nxb4 16. Nxb4 Qb6 17. Nd5 Qb7 18. c4 Rfc8 19. b3 Bd8 20. Bd3 Ba5+ 21. Kf1 Bb6 22. Qe2 Bd4 23. Rd1 Rf8 24. g4 Qd7 25. f3 Kh8 26. Kg2 Rfc8 27. Rc1 Rc5 28. Rc2 Qd8 29. Kg3 Rbc8 30. Rhc1 bxc4 31. Bxc4 a5 32. a3 h6 33. Qd2 Kg8 34. b4 axb4 35. axb4 R5c6 36. Bb3 Rxc2 37. Rxc2 Ra8 38. Ra2 Rb8 39. Bc4 Kh7 40. Qd3 g6 41. b5 Kg7 42. Ra6 Rc8 43. Rc6 Ra8 44. Ra6 Rb8 45. Qa3 Bxd5 46. exd5 Qf6 47. Ra8 Qf4+ 48. Kg2 Qd2+ 49. Kh3 Qd1 50. Rxb8 Qh1+ 51. Kg3 Qg1+ 52. Kh3 Bf2 0-1

[Event "Turkey Cup 2020"]
[Site "Antalya-Belek"]
[Date "2020.01.29"]
[Round "5.42"]
[White "Caberoglu, Arda"]
[Black "Demirbag, Alihan"]
[Result "0-1"]
[WhiteElo "1893"]
[BlackElo "2104"]
[Annotator "ChessBase"]
[PlyCount "120"]
[EventDate "2020.01.26"]
[EventType "swiss"]
[EventCountry "TUR"]
[SourceTitle "playchess.com"]
[Source "ChessBase"]
[SourceQuality "1"]

1. d4 d5 2. Nf3 e6 3. g3 Be7 4. Bg2 f5 5. c4 c6 6. Ne5 Nf6 7. Bg5 O-O 8. Nd2 Nbd7 9. Nxd7 Bxd7 10. O-O Be8 11. Qb3 Ne4 12. Bxe7 Qxe7 13. Nxe4 fxe4 14. f3 exf3 15. Rxf3 Rxf3 16. Bxf3 Rd8 17. cxd5 exd5 18. e4 Bf7 19. e5 c5 20. Qa3 b6 21. Bg4 Re8 22. e6 Bxe6 23. Re1 Qf7 24. Bxe6 Rxe6 25. Rxe6 Qxe6 26. dxc5 Qe1+ 27. Kg2 Qe4+ 28. Kh3 Qe6+ 29. Kg2 Qe2+ 30. Kh3 Qf1+ 31. Kg4 g6 32. Kh4 Qf6+ 33. Kh3 Qf1+ 34. Kh4 Qf5 35. g4 g5+ 36. Kh3 Qf1+ 37. Kg3 Qf4+ 38. Kg2 Qxg4+ 39. Kf1 Qf4+ 40. Kg2 Qe4+ 41. Kg1 Qd4+ 42. Kg2 bxc5 43. Qxa7 Qxb2+ 44. Kg3 Qe5+ 45. Kg2 Qe4+ 46. Kf2 Qf5+ 47. Kg1 d4 48. Qa8+ Kg7 49. Qb7+ Kg6 50. Qc6+ Kh5 51. Qe8+ Kg4 52. Qe2+ Kf4 53. Qf1+ Ke5 54. Qc4 Qb1+ 55. Kg2 Qb2+ 56. Kh1 Qc3 57. Qf1 d3 58. Qf7 Qe1+ 59. Kg2 Qe4+ 60. Kg1 Qd4+ 0-1

[Event "Turkey Cup 2020"]
[Site "Antalya-Belek"]
[Date "2020.01.29"]
[Round "5.43"]
[White "Benk, Tolga Tugay"]
[Black "Kirilmaz, Emre"]
[Result "0-1"]
[WhiteElo "1821"]
[BlackElo "2068"]
[Annotator "NA"]
[PlyCount "128"]
[EventDate "2020.01.26"]
[EventType "swiss"]
[EventCountry "TUR"]
[SourceTitle "playchess.com"]
[Source "ChessBase"]
[SourceQuality "1"]

1. d4 Nf6 2. Nf3 d5 3. Bf4 c5 4. e3 Qb6 5. Nc3 c4 6. Rb1 Bf5 7. Be2 e6 8. a3 Nc6 9. Nh4 Bg6 10. O-O a6 11. h3 Qd8 12. Nxg6 hxg6 13. Bf3 Bd6 14. Bg5 Be7 15. Re1 O-O 16. Ne2 Ne8 17. Bxe7 Nxe7 18. e4 Nf6 19. Ng3 b5 20. c3 a5 21. Qd2 Qb6 22. h4 Rfb8 23. h5 gxh5 24. e5 Nh7 25. Bxh5 b4 26. axb4 axb4 27. Rbc1 Ra2 28. Rc2 bxc3 29. bxc3 Rxc2 30. Qxc2 g6 31. Bg4 Qb2 32. Qxb2 Rxb2 33. f4 Nf8 34. Ra1 Rb8 35. Ne2 Nc8 36. Kf2 Nd7 37. Bh3 Ndb6 38. g4 Ra8 39. Rxa8 Nxa8 40. f5 g5 41. f6 Ncb6 42. Ke3 Nc7 43. Kd2 Nb5 44. Nc1 Na4 45. Na2 Naxc3 46. Nxc3 Nxd4 47. Ke3 Nc6 48. Nb5 Nxe5 49. Nd6 Nd7 50. Bg2 Nxf6 51. Bf3 Kf8 52. Kd4 Ke7 53. Nb5 Nd7 54. Na7 Nb6 55. Kc5 Nd7+ 56. Kd4 Nf8 57. Nb5 Ng6 58. Nc3 Nf4 59. Nb5 f6 60. Kc5 Kd7 61. Nc3 Nd3+ 62. Kd4 Kd6 63. Nxd5 exd5 64. Bxd5 Ne5 0-1

[Event "Turkey Cup 2020"]
[Site "Antalya-Belek"]
[Date "2020.01.29"]
[Round "5.44"]
[White "Aydogdu, Cagatay"]
[Black "Kucuk, Dogan"]
[Result "0-1"]
[WhiteElo "1803"]
[BlackElo "2005"]
[Annotator "NA"]
[PlyCount "88"]
[EventDate "2020.01.26"]
[EventType "swiss"]
[EventCountry "TUR"]
[SourceTitle "playchess.com"]
[Source "ChessBase"]
[SourceQuality "1"]

1. c4 g6 2. Nc3 Bg7 3. e4 c5 4. g3 Nc6 5. Bg2 d6 6. d3 e6 7. Nge2 Nge7 8. O-O O-O 9. Be3 Nd4 10. Qd2 Nec6 11. Bh6 Rb8 12. Bxg7 Kxg7 13. Nxd4 Nxd4 14. Ne2 b5 15. Nxd4 cxd4 16. cxb5 Rxb5 17. b4 a5 18. Rab1 axb4 19. a4 Rb7 20. Rxb4 Qa5 21. Rfb1 e5 22. Qb2 Rxb4 23. Qxb4 Qxb4 24. Rxb4 Bd7 25. Bf3 Rc8 26. Kg2 Rc3 27. a5 Rxd3 28. Rb7 Bh3+ 29. Kxh3 Rxf3 30. a6 Rxf2 31. Rd7 Ra2 32. Rxd6 h5 33. Rd5 Rxa6 34. Rxe5 Rd6 35. Ra5 d3 36. Ra1 d2 37. Rd1 Kf6 38. Kg2 Ke5 39. Kf3 Rd3+ 40. Ke2 Kxe4 41. h4 Re3+ 42. Kf2 Kd3 43. Ra1 Re2+ 44. Kf1 Re1+ 0-1

[Event "Turkey Cup 2020"]
[Site "Antalya-Belek"]
[Date "2020.01.29"]
[Round "5.45"]
[White "Mecit, Emre"]
[Black "Gundogan, Sinem Cagla"]
[Result "1-0"]
[WhiteElo "2019"]
[BlackElo "1808"]
[Annotator "NA"]
[PlyCount "75"]
[EventDate "2020.01.26"]
[EventType "swiss"]
[EventCountry "TUR"]
[SourceTitle "playchess.com"]
[Source "ChessBase"]
[SourceQuality "1"]

1. e4 e5 2. Nf3 Nc6 3. d4 exd4 4. Nxd4 Bc5 5. Nxc6 bxc6 6. Bd3 Nf6 7. O-O d6 8. h3 Rb8 9. Nc3 Bd4 10. Ne2 Bc5 11. Ng3 O-O 12. Kh1 Re8 13. f4 Bd7 14. Qf3 a5 15. Bd2 Bd4 16. Bxa5 Rxb2 17. Ne2 c5 18. Nxd4 cxd4 19. Qf2 Nxe4 20. Qxd4 Ng3+ 21. Kg1 Rxc2 22. Bc3 Rxc3 23. Qxc3 Nxf1 24. Bxf1 d5 25. a4 Qb8 26. a5 Qa7+ 27. Kh2 c5 28. a6 c4 29. Qb4 Qd4 30. Rb1 Qxf4+ 31. Kh1 Bf5 32. Re1 Be4 33. a7 h6 34. Qb7 Bxg2+ 35. Kxg2 Qg5+ 36. Kh1 Rxe1 37. a8=Q+ Kh7 38. Qxf7 1-0

[Event "Turkey Cup 2020"]
[Site "Antalya-Belek"]
[Date "2020.01.29"]
[Round "5.46"]
[White "Yucesoy, Atil"]
[Black "Koc, Ilkay"]
[Result "0-1"]
[WhiteElo "1680"]
[BlackElo "2007"]
[Annotator "NA"]
[PlyCount "60"]
[EventDate "2020.01.26"]
[EventType "swiss"]
[EventCountry "TUR"]
[SourceTitle "playchess.com"]
[Source "ChessBase"]
[SourceQuality "1"]

1. d4 Nf6 2. Nf3 e6 3. Bf4 d5 4. e3 Bd6 5. Bg3 O-O 6. Bd3 c5 7. c3 Nc6 8. Nbd2 b6 9. e4 Be7 10. e5 Nh5 11. Ng5 Bxg5 12. Qxh5 g6 13. Qe2 cxd4 14. h4 Bh6 15. h5 g5 16. Ne4 f5 17. exf6 Bd7 18. Nxg5 Bxg5 19. Qg4 Qxf6 20. f4 dxc3 21. fxg5 Qe7 22. bxc3 e5 23. Qh4 e4 24. Bb5 Qc5 25. c4 Qe3+ 26. Kd1 Qd3+ 27. Kc1 Nd4 28. Kb2 Qc2+ 29. Ka3 Qc3+ 30. Ka4 Qa5# 0-1

[Event "Turkey Cup 2020"]
[Site "Antalya-Belek"]
[Date "2020.01.29"]
[Round "5.47"]
[White "Sahin, Handenur"]
[Black "Aslanhan, Halis"]
[Result "1-0"]
[WhiteElo "2024"]
[BlackElo "1774"]
[Annotator "NA"]
[PlyCount "43"]
[EventDate "2020.01.26"]
[EventType "swiss"]
[EventCountry "TUR"]
[SourceTitle "playchess.com"]
[Source "ChessBase"]
[SourceQuality "1"]

1. e4 c5 2. Nf3 d6 3. Bb5+ Bd7 4. Bxd7+ Nxd7 5. O-O Ngf6 6. Qe2 Qc7 7. c3 Ne5 8. d4 Nxf3+ 9. Qxf3 cxd4 10. cxd4 e6 11. Nc3 Be7 12. Bf4 O-O 13. Rac1 Qb6 14. e5 Ne8 15. Rfd1 d5 16. Qg3 Rc8 17. Nxd5 Rxc1 18. Nxe7+ Kh8 19. Rxc1 Qxd4 20. h4 Qd7 21. Qa3 Qd4 22. Nf5 1-0

[Event "Turkey Cup 2020"]
[Site "Antalya-Belek"]
[Date "2020.01.29"]
[Round "5.48"]
[White "Isik, Can"]
[Black "Alexanian, Nelli"]
[Result "1-0"]
[WhiteElo "1710"]
[BlackElo "2012"]
[Annotator "NA"]
[PlyCount "83"]
[EventDate "2020.01.26"]
[EventType "swiss"]
[EventCountry "TUR"]
[SourceTitle "playchess.com"]
[Source "ChessBase"]
[SourceQuality "1"]

1. e4 e6 2. d4 d5 3. e5 c5 4. c3 Nc6 5. Nf3 Qb6 6. Na3 cxd4 7. cxd4 Bd7 8. Nc2 Na5 9. Bd3 Bb5 10. O-O Ne7 11. b3 Bxd3 12. Qxd3 Nec6 13. Bd2 Be7 14. Rac1 O-O 15. Ng5 Bxg5 16. Bxg5 Kh8 17. Rfe1 Rac8 18. Rcd1 Qc7 19. Na3 a6 20. Re3 Nb4 21. Qe2 Qc1 22. Rg3 Qxa3 23. Qh5 f5 24. Rh3 Kg8 25. Qxh7+ Kf7 26. Bf6 Rg8 27. Rg3 Nbc6 28. Bxg7 Ke8 29. Qxg8+ Kd7 30. Qf7+ Ne7 31. h4 Rc1 32. Rxc1 Qxc1+ 33. Kh2 f4 34. Rg6 Nac6 35. Qxe6+ Kc7 36. Qd6+ Kc8 37. Rf6 b5 38. Rf8+ Kb7 39. Rf7 Qd2 40. Rxe7+ Nxe7 41. Qxe7+ Kc8 42. Qc5+ 1-0

[Event "Turkey Cup 2020"]
[Site "Antalya-Belek"]
[Date "2020.01.29"]
[Round "5.49"]
[White "Yildirim, Ibrahim Halil"]
[Black "Erdogan, Atakan"]
[Result "1/2-1/2"]
[WhiteElo "1794"]
[BlackElo "1901"]
[Annotator "NA"]
[PlyCount "90"]
[EventDate "2020.01.26"]
[EventType "swiss"]
[EventCountry "TUR"]
[SourceTitle "playchess.com"]
[Source "ChessBase"]
[SourceQuality "1"]

1. e4 c5 2. Nc3 Nc6 3. Bb5 Nd4 4. Bc4 g6 5. Nf3 Bg7 6. Nxd4 Bxd4 7. O-O a6 8. a4 e6 9. d3 Ne7 10. Bh6 Qc7 11. Kh1 b6 12. Qc1 Rg8 13. Ne2 Bh8 14. Bf4 d6 15. Rb1 Bd7 16. b4 Bxa4 17. bxc5 bxc5 18. Qa3 Bc6 19. Bd2 Nc8 20. Ba5 Qd7 21. f4 Bf6 22. Ng3 Ne7 23. e5 dxe5 24. Qxc5 exf4 25. Rxf4 Nf5 26. Ne4 Be7 27. Qb6 Bb5 28. Bxb5 axb5 29. Rxb5 Rc8 30. Rb2 Qd5 31. Qa6 Ra8 32. Qb5+ Qxb5 33. Rxb5 Nd4 34. Nd6+ Bxd6 35. Rxd4 Bc7 36. Ra4 Bxa5 37. Rbxa5 Rxa5 38. Rxa5 Ke7 39. Kg1 Rc8 40. Ra2 Kd6 41. Kf2 Rc7 42. Ke3 f5 43. Ra6+ Rc6 44. Ra2 e5 45. Rb2 g5 1/2-1/2

[Event "Turkey Cup 2020"]
[Site "Antalya-Belek"]
[Date "2020.01.29"]
[Round "5.50"]
[White "Yaylali, Adnan Dogan"]
[Black "Camdereli, Gunduz"]
[Result "1-0"]
[WhiteElo "1947"]
[BlackElo "1763"]
[Annotator "NA"]
[PlyCount "75"]
[EventDate "2020.01.26"]
[EventType "swiss"]
[EventCountry "TUR"]
[SourceTitle "playchess.com"]
[Source "ChessBase"]
[SourceQuality "1"]

1. Nf3 Nf6 2. g3 d5 3. Bg2 e6 4. O-O Be7 5. c4 dxc4 6. Qa4+ Bd7 7. Qxc4 Bc6 8. Nc3 a6 9. Qb3 b5 10. d3 O-O 11. a4 b4 12. Nb1 Nbd7 13. Qc2 Bd5 14. Nbd2 e5 15. b3 Re8 16. Bb2 Bd6 17. e4 Bb7 18. Nc4 a5 19. Rac1 Qe7 20. Nh4 g6 21. Nf3 Ra6 22. Rfe1 c5 23. Bh3 Bc7 24. Qb1 Raa8 25. Bg2 Nh5 26. Ne3 Nhf6 27. Nd2 Nb6 28. Qc2 Bd6 29. Rf1 Ba6 30. f4 Rad8 31. Ndc4 Nxc4 32. Nxc4 Bxc4 33. Qxc4 exf4 34. gxf4 Ng4 35. Rf3 Qh4 36. h3 Ne3 37. Rxe3 Bxf4 38. Rf3 1-0